[Event "IHEM"]
[Site "Hamburg"]
[Date "1999.05.24"]
[Round "3.2"]
[White "Lamprecht, Frank"]
[Black "Rogozenko, Dorian"]
[Result "1-0"]
[WhiteElo "2399"]
[BlackElo "2557"]
[PlyCount "69"]
[EventDate "1999.05.22"]
[Source "ChessBase"]
[SourceDate "1999.10.01"]

1. d4 Nf6 2. c4 g6 3. Nc3 Bg7 4. e4 d6 5. Nf3 O-O 6. Be2 e5 7. O-O Nbd7 8. Be3
Re8 9. Qc2 Ng4 10. Bg5 f6 11. Bh4 c6 12. h3 Nh6 13. Rfd1 Qe7 14. b4 Nf8 15. d5
g5 16. Bg3 f5 17. exf5 Nxf5 18. Ne4 cxd5 19. Rxd5 Ne6 20. Rad1 h6 21. Bd3 Nc7
22. Rxd6 Nxd6 23. Nxd6 Rf8 24. c5 Ne8 25. Qc4+ Be6 26. Qe4 Nf6 27. Qxe5 Rfe8
28. Re1 Qf8 29. Nxe8 Rxe8 30. Bb5 Bd7 31. Bc4+ Kh8 32. Qd6 Rxe1+ 33. Nxe1 Qe8
34. Be5 Nh5 35. Qxh6# 1-0

[Event "IHEM"]
[Site "Hamburg"]
[Date "1999.05.24"]
[Round "3.3"]
[White "Joecks, Christian"]
[Black "Hansen, Sune Berg"]
[Result "0-1"]
[WhiteElo "2415"]
[BlackElo "2499"]
[PlyCount "88"]
[EventDate "1999.05.22"]
[Source "ChessBase"]
[SourceDate "1999.10.01"]

1. e4 c5 2. Nf3 Nc6 3. d4 cxd4 4. Nxd4 Nf6 5. Nc3 e5 6. Ndb5 d6 7. Bg5 a6 8.
Na3 b5 9. Bxf6 gxf6 10. Nd5 f5 11. Bd3 Be6 12. O-O Bxd5 13. exd5 Ne7 14. c3 Bg7
15. Qh5 e4 16. Bc2 Qc8 17. Rae1 O-O 18. f3 b4 19. Nb1 bxc3 20. bxc3 Nxd5 21.
fxe4 Qc5+ 22. Kh1 Ne3 23. Rxe3 Qxe3 24. Qxf5 Qh6 25. Bb3 Be5 26. h3 Qg6 27. Qf3
Rac8 28. Bd5 Rc7 29. Rc1 Qg5 30. Rf1 Kg7 31. Qf2 Rb8 32. Na3 Qg3 33. Qxg3+ Bxg3
34. Bb3 a5 35. c4 Be5 36. Nb5 Rc5 37. a4 h5 38. Kg1 Bg3 39. Rf3 Be5 40. Kf2 Rh8
41. Rd3 Rh6 42. Nd4 Bxd4+ 43. Rxd4 Rf6+ 44. Ke3 Rg5 0-1

[Event "IHEM"]
[Site "Hamburg"]
[Date "1999.05.24"]
[Round "3.4"]
[White "Heinemann, Thies"]
[Black "Bach, Matthias"]
[Result "1/2-1/2"]
[WhiteElo "2483"]
[BlackElo "2337"]
[PlyCount "48"]
[EventDate "1999.05.22"]
[Source "ChessBase"]
[SourceDate "1999.10.01"]

1. e4 c5 2. Nf3 Nf6 3. e5 Nd5 4. Nc3 e6 5. Nxd5 exd5 6. d4 d6 7. Bb5+ Nc6 8.
O-O Be7 9. c4 a6 10. exd6 axb5 11. dxe7 Nxe7 12. cxb5 c4 13. Re1 O-O 14. Bg5 f6
15. Bd2 Re8 16. b3 Bg4 17. a4 Ng6 18. Rxe8+ Qxe8 19. h3 Bf5 20. Rc1 Bd3 21. Be3
f5 22. Rc3 f4 23. Bc1 Be2 24. Qc2 cxb3 1/2-1/2

[Event "IHEM"]
[Site "Hamburg"]
[Date "1999.05.24"]
[Round "3.5"]
[White "Stanke, Juergen"]
[Black "Kopylov, Mihail"]
[Result "0-1"]
[WhiteElo "2315"]
[BlackElo "2421"]
[PlyCount "38"]
[EventDate "1999.05.22"]
[Source "ChessBase"]
[SourceDate "1999.10.01"]

1. e4 Nf6 2. Nc3 d5 3. e5 Ne4 4. f4 Bf5 5. Nf3 e6 6. d3 Nxc3 7. bxc3 Bc5 8. g3
h6 9. Bg2 Qd7 10. Qe2 Qa4 11. Nh4 Bh7 12. f5 Nc6 13. fxe6 fxe6 14. Bh3 O-O 15.
Bxe6+ Kh8 16. Bf4 g5 17. Ng2 Qa3 18. Bd2 Rae8 19. Bd7 Rxe5 0-1

[Event "IHEM"]
[Site "Hamburg"]
[Date "1999.05.24"]
[Round "3.6"]
[White "Ftacnik, Lubomir"]
[Black "Bekker Jensen, Simon"]
[Result "1-0"]
[WhiteElo "2585"]
[BlackElo "2360"]
[PlyCount "63"]
[EventDate "1999.05.22"]
[Source "ChessBase"]
[SourceDate "1999.10.01"]

1. d4 Nf6 2. Nf3 g6 3. Bg5 Bg7 4. Nbd2 O-O 5. c3 d6 6. e3 c5 7. Be2 b6 8. O-O
Bb7 9. a4 Nc6 10. Qb3 Qc7 11. Rfc1 e5 12. dxc5 dxc5 13. Qc2 Rac8 14. Nc4 Ba6
15. Rd1 Rfd8 16. e4 h6 17. Bxf6 Bxf6 18. Ne3 Bxe2 19. Qxe2 Ne7 20. h4 h5 21.
Qc4 Bg7 22. Ng5 Rf8 23. Rd3 Bh6 24. Rad1 Bxg5 25. Rd7 Bxe3 26. Rxc7 Bxf2+ 27.
Kxf2 Rxc7 28. Rd6 Rfc8 29. a5 Rc6 30. Rd7 R8c7 31. Rxc7 Rxc7 32. Qd3 1-0

[Event "IHEM"]
[Site "Hamburg"]
[Date "1999.05.24"]
[Round "3.7"]
[White "Mueller, Karsten"]
[Black "Lindinger, Markus"]
[Result "1-0"]
[WhiteElo "2558"]
[BlackElo "2302"]
[PlyCount "51"]
[EventDate "1999.05.22"]
[Source "ChessBase"]
[SourceDate "1999.10.01"]

1. e4 c5 2. Nf3 d6 3. d4 cxd4 4. Nxd4 Nf6 5. Nc3 Nc6 6. Bc4 e6 7. a3 Be7 8. Ba2
O-O 9. O-O Qa5 10. Be3 Nxd4 11. Bxd4 Bd7 12. Qe1 Qh5 13. f3 Bc6 14. Rd1 Rfd8
15. Ne2 e5 16. Ng3 Qg6 17. Nf5 Bf8 18. Be3 d5 19. Nh4 Qh5 20. exd5 Bd7 21. g4
Nxg4 22. fxg4 Bxg4 23. d6 Rd7 24. Rd2 Kh8 25. Qg3 Re8 26. Bxf7 1-0

[Event "IHEM"]
[Site "Hamburg"]
[Date "1999.05.24"]
[Round "3.8"]
[White "Bekker Jensen, David"]
[Black "Loeffler, Stefan"]
[Result "0-1"]
[WhiteElo "2263"]
[BlackElo "2385"]
[PlyCount "50"]
[EventDate "1999.05.22"]
[Source "ChessBase"]
[SourceDate "1999.10.01"]

1. d4 d5 2. c4 e6 3. Nc3 Bb4 4. a3 Bxc3+ 5. bxc3 c5 6. e3 Nf6 7. cxd5 Qxd5 8.
Nf3 b6 9. Bb5+ Nbd7 10. c4 Qd6 11. dxc5 Qxc5 12. a4 Qb4+ 13. Kf1 Bb7 14. Ba3
Qc3 15. Ra2 O-O-O 16. Bb2 Qb4 17. Ba3 Qc3 18. Bb2 Qa5 19. Qc2 Be4 20. Qc1 Nc5
21. Nd4 Nd3 22. Qc3 e5 23. Nc6 Bxc6 24. Qxa5 bxa5 25. Bxc6 Nb4 0-1

[Event "IHEM"]
[Site "Hamburg"]
[Date "1999.05.24"]
[Round "3.9"]
[White "Bathke, Joerg"]
[Black "Heyken, Enno"]
[Result "0-1"]
[WhiteElo "2225"]
[BlackElo "2325"]
[PlyCount "76"]
[EventDate "1999.05.22"]
[Source "ChessBase"]
[SourceDate "1999.10.01"]

1. c4 e5 2. Nc3 Nc6 3. g3 d6 4. Bg2 Be6 5. d3 Qd7 6. Rb1 Nge7 7. b4 d5 8. b5
Nd8 9. Nf3 dxc4 10. O-O cxd3 11. exd3 Ng6 12. Re1 Be7 13. Bb2 O-O 14. Nxe5 Nxe5
15. Rxe5 Bf6 16. Re2 Bg4 17. f3 Bf5 18. Ne4 Bxb2 19. Rexb2 Ne6 20. f4 Rad8 21.
Nf2 Nc5 22. Rc1 Qd4 23. Rd2 Rfe8 24. g4 Be6 25. f5 Bd5 26. Bxd5 Rxd5 27. Re2
Rxe2 28. Qxe2 Re5 29. Qf1 Re8 30. Re1 Rd8 31. Re7 h5 32. g5 Qf4 33. Ne4 Qg4+
34. Qg2 Qxf5 35. Rxc7 Nxd3 36. Qf1 Nf4 37. Ng3 Qg4 38. Qc4 Nh3+ 0-1

[Event "IHEM"]
[Site "Hamburg"]
[Date "1999.05.24"]
[Round "3.10"]
[White "Maahs, Erich"]
[Black "Trisic, Alexandar"]
[Result "1-0"]
[WhiteElo "2203"]
[BlackElo "2317"]
[PlyCount "87"]
[EventDate "1999.05.22"]
[Source "ChessBase"]
[SourceDate "1999.10.01"]

1. e4 c5 2. c4 Nc6 3. Nc3 g6 4. d3 Bg7 5. Be3 d6 6. Qd2 Nf6 7. f3 Nd4 8. Nge2
e5 9. O-O-O b5 10. Nd5 bxc4 11. dxc4 Nxd5 12. cxd5 O-O 13. Bh6 f5 14. Bxg7 Kxg7
15. Nxd4 cxd4 16. Bd3 Rb8 17. Kb1 Bd7 18. Rc1 a5 19. Rhf1 f4 20. g3 Rb4 21. Rc4
Rb7 22. Rf2 Qb6 23. Rc1 a4 24. Ka1 Rc7 25. Rxc7 Qxc7 26. Kb1 Qb6 27. Qc1 Rf7
28. g4 Bb5 29. Qf1 Bxd3+ 30. Qxd3 Rb7 31. Rc2 Qb4 32. Qd2 Qb5 33. Rc1 Kf6 34.
h4 a3 35. g5+ Ke7 36. b3 Qd7 37. Qc2 Qh3 38. Qc6 Rd7 39. Qa8 Qxf3 40. Qg8 Qxe4+
41. Ka1 Qf5 42. Rc8 Qf7 43. Qh8 f3 44. Re8+ 1-0

[Event "IHEM"]
[Site "Hamburg"]
[Date "1999.05.24"]
[Round "3.11"]
[White "Buhr, Carl Christian"]
[Black "Wilhelmi, Christian"]
[Result "1/2-1/2"]
[WhiteElo "2320"]
[BlackElo "2446"]
[PlyCount "81"]
[EventDate "1999.05.22"]
[Source "ChessBase"]
[SourceDate "1999.10.01"]

1. b3 c5 2. Bb2 Nc6 3. c4 e5 4. Nc3 g6 5. g3 Bg7 6. Bg2 Nge7 7. d3 d6 8. e3 Be6
9. Nd5 Nf5 10. Ne2 h5 11. h3 Rc8 12. Qd2 Nce7 13. Nec3 b6 14. a3 Nxd5 15. Nxd5
Ne7 16. a4 Nxd5 17. cxd5 Bd7 18. h4 O-O 19. O-O Qe7 20. f4 Rce8 21. Rfe1 Bg4
22. Bc3 exf4 23. exf4 Qd8 24. Bxg7 Kxg7 25. Qc3+ Qf6 26. Qxf6+ Kxf6 27. Kf2
Rxe1 28. Rxe1 Rb8 29. Bf3 Bd7 30. Ke3 a5 31. Kd2 b5 32. axb5 Rxb5 33. Kc3 Rb4
34. Re4 Rb6 35. Re1 a4 36. bxa4 Bxa4 37. Ra1 Rb3+ 38. Kc4 Rb4+ 39. Kc3 Rb3+ 40.
Kc4 Rb4+ 41. Kc3 1/2-1/2

[Event "IHEM"]
[Site "Hamburg"]
[Date "1999.05.24"]
[Round "3.12"]
[White "Reeh, Oliver"]
[Black "Pajeken, Wolfgang"]
[Result "1/2-1/2"]
[WhiteElo "2420"]
[BlackElo "2293"]
[PlyCount "71"]
[EventDate "1999.05.22"]
[Source "ChessBase"]
[SourceDate "1999.10.01"]

1. e4 Nf6 2. e5 Nd5 3. d4 d6 4. Nf3 c6 5. Be2 dxe5 6. Nxe5 Nd7 7. Nf3 g6 8. O-O
Bg7 9. c4 Nc7 10. Nc3 O-O 11. Bf4 c5 12. dxc5 Ne6 13. Be3 Bxc3 14. bxc3 Ndxc5
15. Nd4 Qa5 16. Qe1 Bd7 17. f4 f5 18. Bf3 Ne4 19. Bxe4 fxe4 20. Nxe6 Bxe6 21.
c5 Bc4 22. Rf2 Qc7 23. Qd2 Rf7 24. Qd4 Bd3 25. c4 Rd8 26. Qc3 Re8 27. Re1 e5
28. fxe5 Rxf2 29. Bxf2 Qxe5 30. Bd4 Qe6 31. Qa3 Qa6 32. Qxa6 bxa6 33. a3 Kf7
34. Kf2 Ke6 35. Rc1 Rb8 36. c6 1/2-1/2

[Event "IHEM"]
[Site "Hamburg"]
[Date "1999.05.24"]
[Round "3.13"]
[White "Hochgraefe, Markus"]
[Black "Voigt, Martin"]
[Result "0-1"]
[WhiteElo "2329"]
[BlackElo "2257"]
[PlyCount "88"]
[EventDate "1999.05.22"]
[Source "ChessBase"]
[SourceDate "1999.10.01"]

1. c4 e6 2. Nc3 d5 3. d4 Nf6 4. Bg5 c6 5. e3 Be7 6. Nf3 O-O 7. Bd3 dxc4 8. Bxc4
b5 9. Bd3 Nbd7 10. e4 b4 11. Na4 h6 12. Bxf6 Bxf6 13. e5 Be7 14. Qe2 Bb7 15.
Qe4 g6 16. O-O Qa5 17. b3 Rfd8 18. Rfc1 Kg7 19. Rc2 Rab8 20. Qe3 c5 21. Nxc5
Bxf3 22. gxf3 Nxc5 23. dxc5 Rd5 24. Rac1 Rc8 25. f4 Rdxc5 26. Bc4 Rd8 27. Rd2
g5 28. fxg5 Bxg5 29. f4 Rxe5 30. Qf2 Rf5 31. Rxd8 Qxd8 32. Qb2+ Bf6 33. Qg2+
Kh7 34. Kh1 Rxf4 35. Qe2 Qd4 36. Bd3+ Kg7 37. Rg1+ Bg5 38. Rg2 Qa1+ 39. Rg1 Qd4
40. Rg2 Kf6 41. h3 Qe5 42. Qd1 Qe3 43. Kh2 Rf3 44. h4 Rh3# 0-1

[Event "IHEM"]
[Site "Hamburg"]
[Date "1999.05.24"]
[Round "3.14"]
[White "Reddmann, Hauke"]
[Black "Engelbert, Christoph"]
[Result "1-0"]
[WhiteElo "2368"]
[BlackElo "2211"]
[PlyCount "83"]
[EventDate "1999.05.22"]
[Source "ChessBase"]
[SourceDate "1999.10.01"]

1. d4 g6 2. e4 Bg7 3. Nc3 d6 4. Be3 c6 5. Qd2 b5 6. h4 b4 7. Nce2 Nf6 8. f3 a5
9. a3 Na6 10. axb4 axb4 11. Nf4 h5 12. Bxa6 Bxa6 13. Qxb4 O-O 14. Kf2 Nd7 15.
Nge2 Qc7 16. Qd2 Rfb8 17. Ra2 Bc8 18. Rha1 Rxa2 19. Rxa2 e6 20. b3 c5 21. dxc5
dxc5 22. Qa5 Qc6 23. Qd8+ Nf8 24. Ra5 c4 25. Rc5 Qa8 26. bxc4 Bd7 27. Qa5 Qxa5
28. Rxa5 Rb2 29. Bd4 Rxc2 30. Bxg7 Kxg7 31. c5 Bc6 32. Ke3 Nd7 33. Nd4 Ne5 34.
Nfxe6+ Kf6 35. Nxc2 Nc4+ 36. Kf4 Nxa5 37. Ned4 Be8 38. Nb4 Ke7 39. Nd5+ Kd8 40.
Ke5 Nc6+ 41. Nxc6+ Bxc6 42. Kd6 1-0

[Event "IHEM"]
[Site "Hamburg"]
[Date "1999.05.24"]
[Round "3.15"]
[White "Hegeler, Frank"]
[Black "Sass, Andreas"]
[Result "1/2-1/2"]
[WhiteElo "2356"]
[BlackElo "2146"]
[PlyCount "154"]
[EventDate "1999.05.22"]
[Source "ChessBase"]
[SourceDate "1999.10.01"]

1. Nf3 Nf6 2. d4 d6 3. g3 g6 4. Bg2 Bg7 5. O-O O-O 6. a4 Nbd7 7. d5 e5 8. dxe6
fxe6 9. Nd4 Re8 10. e4 e5 11. Ne2 Nf8 12. Nbc3 c6 13. Qd3 Be6 14. Rd1 Qa5 15.
Bd2 Qc7 16. Bg5 Rad8 17. a5 b5 18. axb6 axb6 19. Qe3 Ra8 20. h3 b5 21. b3 Reb8
22. Qd3 Ne8 23. Be3 Bf7 24. Rxa8 Rxa8 25. f4 Ne6 26. Qd2 Nf8 27. Qe1 Nf6 28.
Qf2 N8d7 29. f5 gxf5 30. Qxf5 Nf8 31. g4 Ne8 32. Ng3 Ng6 33. Rf1 Nf4 34. Nh5
Be6 35. Qg5 h6 36. Qh4 Qd8 37. Qxd8 Rxd8 38. Nxg7 Kxg7 39. Bxf4 exf4 40. Rxf4
Nf6 41. Kf2 Nd7 42. Ne2 c5 43. Ng3 Nf6 44. Nf5+ Bxf5 45. exf5 d5 46. h4 d4 47.
g5 hxg5 48. hxg5 Nh7 49. f6+ Kg6 50. Be4+ Kxg5 51. Rf5+ Kg4 52. Rxc5 Nxf6 53.
Bf5+ Kf4 54. Rxb5 Rd5 55. Rxd5 Nxd5 56. Bd3 Ke5 57. Ke2 Kd6 58. Be4 Nb4 59. Kf3
Kc5 60. Kf4 Na2 61. Ke5 Nb4 62. Kf4 Na2 63. Kf3 Nc3 64. Bg6 Na2 65. Ke2 Nb4 66.
Kd2 Na2 67. Be4 Nb4 68. Kc1 Na2+ 69. Kb2 Nb4 70. Ka3 Na6 71. Bb7 Nb4 72. Kb2
Kb6 73. Be4 Kc5 74. c3 dxc3+ 75. Kxc3 Na2+ 76. Kb2 Nb4 77. Ka3 Na6 1/2-1/2

[Event "IHEM"]
[Site "Hamburg"]
[Date "1999.05.25"]
[Round "4.1"]
[White "Lamprecht, Frank"]
[Black "Kempinski, Robert"]
[Result "0-1"]
[WhiteElo "2399"]
[BlackElo "2533"]
[PlyCount "106"]
[EventDate "1999.05.22"]
[Source "ChessBase"]
[SourceDate "1999.10.01"]

1. e4 c5 2. c3 d6 3. d4 Nd7 4. Nf3 a6 5. Be2 Qc7 6. Bf4 e5 7. dxe5 dxe5 8. Bg3
Ngf6 9. Qc2 Be7 10. O-O Nh5 11. Bh4 Bxh4 12. Nxh4 Nf4 13. Nf5 g6 14. Ne3 Nf6
15. Re1 O-O 16. Nd2 b5 17. a4 Bb7 18. axb5 Nxe2+ 19. Rxe2 axb5 20. Ree1 c4 21.
f3 Qb6 22. Ndf1 Nd7 23. Qf2 Qe6 24. Nc2 Qe7 25. Rxa8 Rxa8 26. Ra1 Rxa1 27. Nxa1
Nc5 28. Qd2 Nd3 29. Nc2 Nxb2 30. Nb4 Na4 31. Ne3 Kg7 32. g3 h5 33. Kg2 Nc5 34.
Ned5 Qd6 35. Qg5 Bxd5 36. Nxd5 Nd3 37. Qe3 Qa3 38. Qd2 Qa1 39. f4 exf4 40. gxf4
Qb1 41. Qe3 Qc2+ 42. Kg1 Qd1+ 43. Kg2 Ne1+ 44. Kf2 Nc2 45. Qe2 Qh1 46. Kg3 Qg1+
47. Qg2 Qe1+ 48. Kh3 Ne3 49. Qf3 Nxd5 50. exd5 Qd2 51. f5 g5 52. f6+ Kg6 53.
Qe4+ Kxf6 0-1

[Event "IHEM"]
[Site "Hamburg"]
[Date "1999.05.25"]
[Round "4.2"]
[White "Hansen, Sune Berg"]
[Black "Kopylov, Mihail"]
[Result "1-0"]
[WhiteElo "2499"]
[BlackElo "2421"]
[PlyCount "69"]
[EventDate "1999.05.22"]
[Source "ChessBase"]
[SourceDate "1999.10.01"]

1. e4 c5 2. Nf3 d6 3. d4 cxd4 4. Nxd4 Nf6 5. Nc3 a6 6. Be2 e6 7. O-O Be7 8. f4
Qc7 9. Kh1 Nc6 10. a4 O-O 11. Be3 Rd8 12. Bd3 Nxd4 13. Bxd4 e5 14. Bg1 Be6 15.
a5 Qc6 16. Bb6 Rd7 17. Qe2 Rc8 18. Ra4 exf4 19. Rxf4 Ne8 20. Bd4 Bg5 21. Rf5
Bf6 22. Bxf6 Nxf6 23. Rxf6 gxf6 24. Qf3 Qc5 25. Nd5 Bxd5 26. Qg4+ Kh8 27. exd5
Qe3 28. Ra1 Rdd8 29. Qh5 Kg7 30. Qxh7+ Kf8 31. Rf1 Ke7 32. Qh4 Rh8 33. Qxf6+
Kd7 34. Qxf7+ Kd8 35. Bf5 1-0

[Event "IHEM"]
[Site "Hamburg"]
[Date "1999.05.25"]
[Round "4.3"]
[White "Bach, Matthias"]
[Black "Ftacnik, Lubomir"]
[Result "1/2-1/2"]
[WhiteElo "2337"]
[BlackElo "2585"]
[PlyCount "80"]
[EventDate "1999.05.22"]
[Source "ChessBase"]
[SourceDate "1999.10.01"]

1. d4 Nf6 2. c4 g6 3. Nc3 d5 4. cxd5 Nxd5 5. g3 Bg7 6. Bg2 Nb6 7. Nf3 Nc6 8.
O-O O-O 9. d5 Na5 10. Be3 Nac4 11. Bd4 Nxb2 12. Qb3 N2c4 13. Bxg7 Kxg7 14. Rac1
Bd7 15. Rfd1 Qe8 16. Rd4 Nd6 17. Ne5 Rd8 18. e4 Bc8 19. f4 f6 20. Nf3 e5 21.
Rd3 Rf7 22. fxe5 fxe5 23. a4 a6 24. Ng5 Re7 25. Rf3 Nbc4 26. Qa2 Bg4 27. Rf2
Ne3 28. Ne6+ Bxe6 29. dxe6 c6 30. Bh3 h5 31. Qe2 Ndc4 32. Nd1 Nxd1 33. Rxd1 b5
34. Rxd8 Qxd8 35. Qf3 bxa4 36. Qf6+ Kh7 37. g4 Qd1+ 38. Rf1 Qd4+ 39. Rf2 Qd1+
40. Rf1 Qd4+ 1/2-1/2

[Event "IHEM"]
[Site "Hamburg"]
[Date "1999.05.25"]
[Round "4.5"]
[White "Heyken, Enno"]
[Black "Heinemann, Thies"]
[Result "0-1"]
[WhiteElo "2325"]
[BlackElo "2483"]
[PlyCount "60"]
[EventDate "1999.05.22"]
[Source "ChessBase"]
[SourceDate "1999.10.01"]

1. d4 Nf6 2. c4 c5 3. d5 b5 4. cxb5 a6 5. bxa6 g6 6. Nc3 Bxa6 7. e4 Bxf1 8.
Kxf1 d6 9. Nf3 Bg7 10. g3 O-O 11. Kg2 Nbd7 12. h3 Ra7 13. Re1 Qa8 14. Re2 Rb8
15. Qc2 Ne8 16. Bf4 Nc7 17. Bg5 Rab7 18. Rc1 Rxb2 19. Qxb2 Rxb2 20. Rxb2 f5 21.
exf5 Nxd5 22. Nxd5 Bxb2 23. Rd1 Bd4 24. Nxe7+ Kf7 25. fxg6+ hxg6 26. Nxg6 Kxg6
27. Bf4 Ne5 28. Bxe5 dxe5 29. g4 Qxa2 30. Rd2 Qd5 0-1

[Event "IHEM"]
[Site "Hamburg"]
[Date "1999.05.25"]
[Round "4.6"]
[White "Loeffler, Stefan"]
[Black "Maahs, Erich"]
[Result "1-0"]
[WhiteElo "2385"]
[BlackElo "2203"]
[PlyCount "67"]
[EventDate "1999.05.22"]
[Source "ChessBase"]
[SourceDate "1999.10.01"]

1. d4 d5 2. c4 Nc6 3. Nc3 e5 4. cxd5 Nxd4 5. e3 Nf5 6. Nf3 Bd6 7. Bb5+ Bd7 8.
Qb3 Nf6 9. Bxd7+ Qxd7 10. Qxb7 O-O 11. Qb5 Qe7 12. e4 Nd4 13. Qd3 Nd7 14. O-O
Rab8 15. Nxd4 exd4 16. Qxd4 Qh4 17. h3 f5 18. Qd1 Bc5 19. d6 cxd6 20. Qd5+ Kh8
21. exf5 Rb4 22. a3 Rd4 23. Qe6 Nf6 24. Qe2 Re8 25. Qf3 d5 26. Kh1 Ne4 27. Nxe4
Rdxe4 28. Bd2 Re2 29. Qxd5 Bxf2 30. Qf7 Qg3 31. f6 gxf6 32. Qxf6+ Kg8 33. Bc3
Qg6 34. Rxf2 1-0

[Event "IHEM"]
[Site "Hamburg"]
[Date "1999.05.25"]
[Round "4.7"]
[White "Rogozenko, Dorian"]
[Black "Stanke, Juergen"]
[Result "0-1"]
[WhiteElo "2557"]
[BlackElo "2315"]
[PlyCount "74"]
[EventDate "1999.05.22"]
[Source "ChessBase"]
[SourceDate "1999.10.01"]

1. d4 Nf6 2. c4 e6 3. Nc3 d5 4. Bg5 Nbd7 5. e3 Be7 6. Nf3 O-O 7. Rc1 a6 8. cxd5
exd5 9. Bd3 c6 10. Qc2 Re8 11. O-O g6 12. a3 Nh5 13. Bh6 Bf8 14. Bxf8 Nxf8 15.
b4 Be6 16. a4 Nd7 17. Qb2 Bg4 18. Nd2 Qg5 19. Nb3 Bf3 20. g3 Ndf6 21. Rfe1 Ne4
22. Nxe4 dxe4 23. Bf1 Nf6 24. Nd2 Rad8 25. b5 cxb5 26. axb5 Rd5 27. bxa6 bxa6
28. Qb7 Ng4 29. Nxf3 exf3 30. h3 Nh6 31. Qxa6 Nf5 32. Kh2 Rd6 33. Qb7 Rde6 34.
d5 Nd6 35. Qd7 Qxd5 36. Red1 Qa2 37. Kg1 Ne4 0-1

[Event "IHEM"]
[Site "Hamburg"]
[Date "1999.05.25"]
[Round "4.8"]
[White "Bekker Jensen, Simon"]
[Black "Joecks, Christian"]
[Result "1/2-1/2"]
[WhiteElo "2360"]
[BlackElo "2415"]
[PlyCount "71"]
[EventDate "1999.05.22"]
[Source "ChessBase"]
[SourceDate "1999.10.01"]

1. d4 Nf6 2. c4 g6 3. Nc3 Bg7 4. e4 d6 5. Be2 O-O 6. Bg5 Na6 7. Qd2 e5 8. d5 c6
9. f3 cxd5 10. cxd5 Bd7 11. h4 Qb6 12. Be3 Nc5 13. g4 h5 14. g5 Nh7 15. Nh3 a5
16. Nf2 a4 17. Nd3 Nxd3+ 18. Bxd3 Qa5 19. Ne2 Qxd2+ 20. Kxd2 f6 21. Rhf1 fxg5
22. hxg5 Rf7 23. Rac1 Be8 24. Nc3 Ra5 25. Ke2 Bf8 26. Rg1 Be7 27. Bb6 Ra8 28.
Be3 Ra5 29. Nb1 Bb5 30. Bxb5 Rxb5 31. Rc2 Kg7 32. Na3 Rb4 33. Bd2 Rb6 34. Be3
Rb4 35. Bd2 Rb6 36. Be3 1/2-1/2

[Event "IHEM"]
[Site "Hamburg"]
[Date "1999.05.25"]
[Round "4.9"]
[White "Voigt, Martin"]
[Black "Reeh, Oliver"]
[Result "0-1"]
[WhiteElo "2257"]
[BlackElo "2420"]
[PlyCount "74"]
[EventDate "1999.05.22"]
[Source "ChessBase"]
[SourceDate "1999.10.01"]

1. e4 c5 2. Nc3 Nc6 3. Nge2 g6 4. d4 cxd4 5. Nxd4 Bg7 6. Nde2 Nf6 7. g3 O-O 8.
Bg2 d6 9. O-O Rb8 10. a4 b6 11. Nd5 Nd7 12. c3 e6 13. Ne3 Ba6 14. Re1 Qc7 15.
Nd4 Nxd4 16. cxd4 Rbc8 17. Ra2 Bb7 18. b3 Nf6 19. f3 Rfd8 20. Ba3 Ne8 21. Rc2
Qd7 22. Rxc8 Rxc8 23. d5 Bc3 24. dxe6 Qxe6 25. Re2 Ba6 26. Ra2 Nf6 27. Bb2 Qe5
28. f4 Qc5 29. Kf2 Re8 30. Bxc3 Qxc3 31. Qc2 Qd4 32. Qd2 Ng4+ 33. Kf3 Qxe4+ 34.
Kxg4 Bc8+ 35. Kg5 Qe7+ 36. Kh6 Qf8+ 37. Kg5 f6+ 0-1

[Event "IHEM"]
[Site "Hamburg"]
[Date "1999.05.25"]
[Round "4.10"]
[White "Wilhelmi, Christian"]
[Black "Bekker Jensen, David"]
[Result "0-1"]
[WhiteElo "2446"]
[BlackElo "2263"]
[PlyCount "48"]
[EventDate "1999.05.22"]
[Source "ChessBase"]
[SourceDate "1999.10.01"]

1. c4 Nf6 2. Nc3 g6 3. d4 Bg7 4. e4 d6 5. f4 O-O 6. Nf3 Na6 7. e5 Nd7 8. Be2 c5
9. exd6 cxd4 10. Nxd4 exd6 11. O-O Qb6 12. Be3 Re8 13. Bf2 Qxb2 14. Ncb5 Ndc5
15. Bf3 Ne4 16. Bxe4 Rxe4 17. Rb1 Qxa2 18. Nxd6 Rxf4 19. Be3 Bg4 20. Nf3 Rf6
21. Rxb7 Qa3 22. Bf4 Rxf4 23. Nxf7 Qc5+ 24. Kh1 Rf8 0-1

[Event "IHEM"]
[Site "Hamburg"]
[Date "1999.05.25"]
[Round "4.11"]
[White "Pajeken, Wolfgang"]
[Black "Reddmann, Hauke"]
[Result "1/2-1/2"]
[WhiteElo "2293"]
[BlackElo "2368"]
[PlyCount "67"]
[EventDate "1999.05.22"]
[Source "ChessBase"]
[SourceDate "1999.10.01"]

1. Nf3 f5 2. d3 d6 3. e4 e5 4. g3 Be7 5. Bg2 fxe4 6. dxe4 Nf6 7. Nc3 Nc6 8. h3
Be6 9. Be3 h6 10. Nh4 Qd7 11. Ng6 Rg8 12. Nxe7 Nxe7 13. Qe2 Nc6 14. Nd5 Rf8 15.
O-O-O O-O-O 16. Kb1 Kb8 17. Rd3 Ne7 18. Nxe7 Qxe7 19. Ra3 c5 20. f4 Rc8 21. f5
Bd7 22. g4 Bc6 23. Bc1 b6 24. h4 Qb7 25. Re3 Rh8 26. g5 hxg5 27. hxg5 Rxh1 28.
Bxh1 Ne8 29. Rh3 Qf7 30. Bf3 Nc7 31. Qf1 Rf8 32. Qd3 d5 33. exd5 Nxd5 34. g6
1/2-1/2

[Event "IHEM"]
[Site "Hamburg"]
[Date "1999.05.25"]
[Round "4.12"]
[White "Lindinger, Markus"]
[Black "Buhr, Carl Christian"]
[Result "1/2-1/2"]
[WhiteElo "2302"]
[BlackElo "2320"]
[PlyCount "59"]
[EventDate "1999.05.22"]
[Source "ChessBase"]
[SourceDate "1999.10.01"]

1. d4 d6 2. e4 Nf6 3. Nc3 g6 4. f4 c6 5. Nf3 Bg7 6. Bd3 O-O 7. e5 Nd5 8. Ne4
Nb4 9. c3 Nxd3+ 10. Qxd3 f6 11. Nf2 b6 12. Be3 Ba6 13. Qd2 dxe5 14. fxe5 fxe5
15. O-O-O Qd5 16. Nxe5 Qxa2 17. Nfg4 Bb5 18. Rde1 Na6 19. h4 Rad8 20. Qc2 Rf5
21. Nh6+ Bxh6 22. Bxh6 c5 23. g4 Ba4 24. Qb1 Qxb1+ 25. Kxb1 Rf2 26. Rhf1 Rf6
27. Bg5 Rxf1 28. Rxf1 Rf8 29. Re1 e6 30. Bh6 1/2-1/2

[Event "IHEM"]
[Site "Hamburg"]
[Date "1999.05.25"]
[Round "4.13"]
[White "Trisic, Alexandar"]
[Black "Bathke, Joerg"]
[Result "1-0"]
[WhiteElo "2317"]
[BlackElo "2225"]
[PlyCount "82"]
[EventDate "1999.05.22"]
[Source "ChessBase"]
[SourceDate "1999.10.01"]

1. e4 c5 2. Nf3 d6 3. d4 cxd4 4. Qxd4 Bd7 5. Bg5 Nc6 6. Qd2 h6 7. Bh4 g5 8. Bg3
Bg7 9. Nc3 Qa5 10. Bc4 Rc8 11. O-O g4 12. Nh4 Bxc3 13. bxc3 Ne5 14. Bb3 Nf6 15.
f4 gxf3 16. Bxe5 Qxe5 17. Nxf3 Qc5+ 18. Kh1 Nxe4 19. Bxf7+ Kd8 20. Qe1 Ng5 21.
Nxg5 hxg5 22. Rf3 g4 23. Re3 Qg5 24. Qg3 Rc5 25. Rae1 e5 26. c4 Kc7 27. Bd5 Rf8
28. Re4 Qf5 29. Kg1 b6 30. R4e2 Be6 31. Be4 Qf4 32. Qa3 a5 33. g3 Qf7 34. Rd2
Bxc4 35. Bg2 Bd5 36. Rf1 Bf3 37. Qd3 Rc6 38. Rdf2 e4 39. Qxe4 Re8 40. Qxg4 Bxg4
41. Rxf7+ Bd7 1-0

[Event "IHEM"]
[Site "Hamburg"]
[Date "1999.05.25"]
[Round "4.14"]
[White "Sass, Andreas"]
[Black "Hochgraefe, Markus"]
[Result "1/2-1/2"]
[WhiteElo "2146"]
[BlackElo "2329"]
[PlyCount "89"]
[EventDate "1999.05.22"]
[Source "ChessBase"]
[SourceDate "1999.10.01"]

1. d4 Nf6 2. c4 e6 3. Nc3 Bb4 4. Qc2 d5 5. e3 O-O 6. cxd5 exd5 7. Bd3 c6 8. Nf3
Re8 9. O-O Nbd7 10. a3 Bd6 11. b4 a6 12. Rb1 Qe7 13. Na4 Ne4 14. Bb2 Nf8 15.
Nc5 Ng6 16. Nd2 f5 17. Rbe1 Nh4 18. f4 Qf7 19. Nf3 Nxf3+ 20. gxf3 Nxc5 21. dxc5
Be7 22. e4 Bh4 23. Re3 Re7 24. Kh1 Qh5 25. Be5 fxe4 26. fxe4 dxe4 27. Bxe4 Bd7
28. Bd6 Rf7 29. Bd3 Qd5+ 30. Be4 Qh5 31. Bf3 Bg4 32. Bxg4 Qxg4 33. Qe4 Qd7 34.
f5 Bf6 35. Rfe1 h6 36. Qe6 Kh7 37. Qe4 a5 38. Qg4 axb4 39. axb4 Bg5 40. Re6 Ra2
41. Qh5 Ra8 42. Qg4 Rg8 43. Qe4 Kh8 44. Kg2 Bf6 45. Kh1 1/2-1/2